Air
| Main Author: | |
|---|---|
| Format: | Book |
| Published: |
Petaling Jaya :
Penerbit Fajar Bakti Sdn. Bhd. ,
1983
|
| Subjects: |
MARC
| LEADER | 00000cam a2200000 7i4500 | ||
|---|---|---|---|
| 001 | 0000007724 | ||
| 002 | 000008294 | ||
| 005 | 20000330.0 | ||
| 020 | |a 9676502693 | ||
| 090 | 0 | 0 | |a J 500 |b JEN |
| 100 | 1 | |a Jennings, Terry | |
| 245 | 1 | 0 | |a Air |c Terry Jennings |
| 260 | |a Petaling Jaya : |b Penerbit Fajar Bakti Sdn. Bhd. , |c 1983 | ||
| 300 | |a 31 p. : |b ill ; |c 17 cm. | ||
| 650 | 0 | 0 | |a Water ecology |x Juvenile literature |
| 999 | |a 0010976 |b BUKU |c PINJAMAN |e PERPUSTAKAAN KOMUNITI PETALING JAYA | ||